[Event "ESP-chT"]
[Site "Lanzarote"]
[Date "2003.05.13"]
[Round "8.3"]
[White "Bellon Lopez, Juan Manuel"]
[Black "Arizmendi Martinez, Julen Luis"]
[Result "0-1"]
[WhiteElo "2422"]
[BlackElo "2516"]
[Annotator "Arizmendi,J"]
[PlyCount "44"]
[EventDate "2003.05.06"]
[EventType "team"]
[EventRounds "9"]
[EventCountry "ESP"]
[SourceTitle "CBM 094 Extra"]
[Source "ChessBase"]
[SourceDate "2003.07.09"]
[SourceVersion "2"]
[SourceVersionDate "2003.07.09"]
[SourceQuality "1"]
[WhiteTeam "Alzira Hiraturas"]
[BlackTeam "Tiendas UPI"]
[WhiteTeamCountry "ESP"]
[BlackTeamCountry "ESP"]

1. d4 Nf6 2. Bg5 {Bellon is very fond of rare systems, and he especially likes
the Trompovsky, which he plays in a very original manner.} Ne4 3. Bh4 (3. Bf4 {
is the usual move but, as I said before, Bellón plays the Tromp his own way.})
3... c5 {The critical move.} 4. f3 g5 5. fxe4 gxh4 6. e3 Bh6 7. Nd2 {Bellon
again chooses a rare move, although he had already played like this once.} (7.
d5 {Was another Bellón favourite for some time, and his results with it were
very good. Still, he must have found something since he has not played it of
late. But then, maybe he just wants to try out more ideas.}) (7. Kf2 {Is the
main line.}) 7... d5 $1 {I believe this is best. The knight on d2 stands a bit
passive (unlike on c3), so opening up the position now makes sense.} ({After} 
7... Bxe3 8. d5 {The Spaniard has demonstrated several times that white has
enough compensation for the pawn.} d6 9. Qh5 Bxd2+ 10. Kxd2 Qb6 11. Kc1 c4 12.
Nf3 c3 13. bxc3 Qe3+ 14. Kb2 Qb6+ 15. Kc1 Qe3+ 16. Kb2 Qb6+ {Bellon - Palac,
2003.}) (7... e6 8. Nc4 d5 9. Qh5 Bg7 10. exd5 exd5 11. Ne5 Qe7 12. Ngf3 a6 13.
O-O-O Nc6 14. Nxh4 Nxe5 15. dxe5 Be6 16. Be2 O-O-O 17. Bf3 Kb8 18. Rd2 Qc7 19.
Rhd1 Qxe5 20. Qxe5+ Bxe5 21. Bxd5 Bxh2 22. Nf3 Bc7 23. Bxe6 fxe6 24. Ng5 Rde8
25. Rd7 Rhg8 26. Ne4 Rxg2 27. Rxh7 Rf8 28. Re7 Rh8 29. Rxe6 Rhh2 30. Nd2 b6 31.
c3 Kb7 32. Kc2 c4 33. b3 b5 34. bxc4 bxc4 35. Re4 Bb6 36. Kc1 Re2 37. Nxc4 Rc2+
38. Kb1 Rxc3 39. Re7+ Bc7 40. Nd6+ Kc6 41. Nf5 Rc4 42. Nd4+ Kb6 43. Rd3 Rb4+
44. Nb3 Rc4 45. Nd2 Rc5 46. Rb3+ Rb5 47. Kc2 Rxb3 48. axb3 Bd6 49. Re6 Kc7 50.
Kd3 Bb4 51. Nc4 a5 52. Nb6 Rd2+ 53. Kc4 Rc2+ 54. Kb5 Rb2 55. Rc6+ Kd8 56. Kc4
Ke8 57. e4 Kf7 58. Nd5 Be1 59. Rf6+ Ke8 60. Rf1 Bg3 61. Rf3 Bd6 62. Kb5 Ra2 63.
e5 Be7 64. e6 Rd2 65. Nxe7 Kxe7 66. Kxa5 Kxe6 67. b4 Kd7 68. Rc3 Ra2+ 69. Kb6
Ra1 70. b5 Ra2 71. Kb7 Ra1 72. Rd3+ Ke7 73. b6 {1-0 Bellon Lopez,J-Peredun,A/
Toronto CAN 2003/The Week in Chess 455 (73)}) (7... Qb6 8. Nc4 Qg6 9. dxc5 Na6
10. Nf3 Bg7 11. Qd5 Qc6 12. Nxh4 Nxc5 13. Nf5 Bf6 14. O-O-O Qxd5 15. exd5 d6
16. Ng3 Bd7 17. Be2 b5 18. Na3 a6 19. c3 Rc8 20. Nc2 a5 21. Nd4 b4 22. c4 e6
23. Kb1 Ke7 24. Rhf1 Be5 25. Nh5 Rhg8 26. g3 a4 27. Nf3 Bh8 28. Nd2 a3 29. b3
Ra8 30. Nf4 Rgc8 31. dxe6 fxe6 32. Nd3 Be8 33. Nxc5 Rxc5 34. Bd3 Re5 35. Bxh7
Rxe3 36. Rde1 Rxe1+ 37. Rxe1 Bc3 38. Kc2 Bf7 39. Be4 Rf8 40. h3 Rg8 41. g4 Rh8
42. Rh1 d5 43. cxd5 exd5 44. Bd3 Rc8 45. Kd1 Kd6 46. Rf1 Bg8 47. h4 Re8 48. Rf3
Be6 49. Bf5 Bxf5 50. Rxf5 Re3 51. Rf2 Rg3 52. g5 Rh3 53. Nf3 Ke6 54. Ke2 Rh1
55. Rf1 Rh3 56. Kf2 Kf5 57. Kg2 Kg4 58. Nh2+ {1-0 Bellon Lopez,J-Wang,H/
Toronto CAN 2003/The Week in Chess 456 (58)}) 8. Qh5 {A logical move. White is
trying to develop quickly to attack black´s king, so moving the queen with
tempo seems to be the way to go.} Bxe3 9. exd5 Nd7 $1 {I must admit this was
an "accidental" novelty. I knew the Romero - Sutovsky game, but could not
remember the exact order. So, I played my way, based on Sutovsky´s ideas.} (
9... cxd4 10. Nc4 Nd7 11. Nxe3 Qa5+ 12. c3 dxe3 {This seems fine for black.}
13. Nf3 Nf6 14. Qxh4 Rg8 15. Rd1 Rg4 16. Qh6 Qb6 17. b4 Ne4 18. Qxh7 Qf6 19.
Rd4 Bf5 20. Bb5+ Kf8 21. Qh5 Kg7 22. O-O Rh8 23. Qxg4+ Bxg4 24. Rxe4 Bxf3 25.
Rxf3 Qxc3 26. Rg3+ Kf8 27. Rgxe3 Qc7 28. h3 Rh5 29. Bc4 Rf5 30. g3 Qd6 31. Bb3
Qf6 32. Re2 Rf1+ 33. Kh2 Qf3 34. Rg2 Qxe4 {0-1 Romero Holmes,A-Sutovsky,E/
Vendrell 1996/EXT 98 (34)}) 10. Qxh4 (10. Nc4 {Is possible.} Nf6 (10... cxd4 {
Transposes to Romero - Sutovsky.}) 11. Qxh4 cxd4 (11... Bxd4 $5 {and I like
black´s position.}) (11... Ng4 12. Nxe3 Nxe3 13. Bb5+ Bd7 14. Bxd7+ Qxd7 15.
Qe4 cxd4 16. Ne2 Qxd5 17. Qxd5 Nxd5 18. Nxd4 $11) 12. Nxe3 Qa5+ 13. c3 dxe3 14.
d6 $13) 10... Nf6 {I wanted to keep my options open.} (10... cxd4 11. Nc4 Nf6
12. Nxe3 dxe3 13. O-O-O $36) 11. Ngf3 $2 {White is taking too long to get rid
of the e3 bishop.} (11. Nc4 {seems a better try, transposing to the note to
move 10.}) 11... cxd4 12. Bc4 Rg8 13. O-O-O Rxg2 $17 {Black´s advantage is
obvious,although he still has to be careful.} 14. Rhf1 Qc7 $1 {A useful move.
Some ideas like Qf4 are in the air, while the f3 knight has to stay put due to
Rxh2} 15. Kb1 Bg4 $6 {Much better was} (15... Bd7 {followed by 16...0-0-0,
with a winning advantage for black.}) 16. d6 $2 {A surprising move, typical in
the imaginative Bellon. Still, it does not work, so it would have been better
to play for compensation with} (16. Bb5+ Kf8 17. Bd3 (17. Nc4 Qc5 $1) 17... Qf4
$17 {black should be able to repel the attack, but the position remains
complicated.}) 16... Qxd6 17. Bxf7+ {The key idea, but white is asking way too
much from his position.} (17. Bb5+ Kf8 {does not change much.}) 17... Kxf7 18.
Nc4 Qe6 (18... Qc5 {is perfectly possible; I went for the safe option.} 19.
Nfe5+ Ke8 20. Rxf6 Bxd1 $19) 19. Nxe3 Qxe3 20. Rde1 Bxf3 $1 {White has nothing
left after this simple move.} 21. Qh3 $6 {The position is lost, so white tries
to confuse me in time trouble. Nevertheless, the answer was not very difficult.
} (21. Rxe3 dxe3 22. Qc4+ Kf8 23. Rxf3 e2 $19) 21... Re2 22. Rxe2 Qxe2 {
and Bellon resigned.} 0-1

[Event "Malaga op 11th"]
[Site "Malaga"]
[Date "2008.02.28"]
[Round "7"]
[White "Bellon Lopez, Juan Manuel"]
[Black "Arizmendi Martinez, Julen Luis"]
[Result "0-1"]
[WhiteElo "2455"]
[BlackElo "2506"]
[Annotator "Arizmendi,J"]
[PlyCount "64"]
[EventDate "2008.02.23"]
[EventType "swiss"]
[EventRounds "9"]
[EventCountry "ESP"]
[SourceTitle "EXT 2010"]
[Source "ChessBase"]
[SourceDate "2010.11.25"]
[SourceVersion "1"]
[SourceVersionDate "2010.11.25"]
[SourceQuality "1"]

1. d4 Nf6 2. Bg5 Ne4 3. Bh4 g5 4. f3 gxh4 5. fxe4 c5 {Bellón and I have a kind
of duel in the Trompovsky. I know he is going to surprise with some new
creative idea in this opening, but, on the other hand, I realize that,
whatever happens, it´s going to be an interesting game.} 6. Nc3 $5 {There we
go. I had never seen this move, but afterwards I found out that Mamedyarov had
employed against Van Wely!} cxd4 {This had to be the right move.} 7. Qxd4 Rg8
8. e5 Nc6 9. Qe4 d5 $5 {One of the good things about not knowing a line is
that, when thinking on your own, you sometimes come up with worthy ideas. Here,
for example, nobody had ventured 9...d5, although it makes perfect sense to me.
Black has a monster dark-squared bishop, and the only thing that prevents him
from claiming an advantage is white´s e5 thorn and slightly superior
development. With 9...d5 black is willing to give up some material in order to
accentuate his plusses, namely his superiority on the dark squares and
bishop-pair.} 10. Qxh7 $2 {Going in for broke, but coming out empty-handed.} (
10. Nxd5 Rg4 11. Nf4 Qa5+ 12. c3 Qxe5) (10. exd6 Qxd6 11. Rd1 Qb4 (11... Qg6 $2
{allows the neat trick} 12. Nb5 $1 (12. Qxg6 $6 fxg6 13. Nb5 Kf7)) 12. Qxb4
Nxb4 13. Nb5 Na6 {is what I calculated, and seems to be fine for black.}) (10.
Qxd5 Be6) 10... d4 $1 {Of course. I had no intention of giving up on the
initiative.} 11. Qxg8 {In for a penny, in for a dime.} (11. O-O-O Qa5 (11...
Rg7 12. Qxh4 Rg4 13. Qh8 Qa5)) 11... dxc3 12. bxc3 Qa5 13. Rd1 {Watch the
tremendous help that the little h4-pawn renders to black´s attack. For
starters, it prevents Qg3, protecting c3.} Qxc3+ 14. Rd2 (14. Kf2 Nxe5 15. e3 (
15. h3 Ng4+ 16. hxg4 Qg3# {is a little tactic that made smile during the game.
I mean, isn´t funny that the h4-pawn could actually play such an important
role in the game.}) 15... Qxc2+ $17 (15... Ng4+ $2 16. Qxg4 Bxg4 17. Bb5+ Bd7
18. Rxd7)) 14... Nxe5 15. e4 $2 (15. Qg5 {is what I expected} Bd7 16. e3 (16.
Kf2 $2 Qc5+ $19) 16... h3 {with an advantage for black.}) 15... Bd7 16. Ne2 Qe3
{This looked natural to me, pinning the knight, but} (16... Qa5 $5 {also had
something going for it.} 17. Nd4 O-O-O 18. Nb3 Bh6 19. Nxa5 Bxd2+ 20. Kxd2 Rxg8
) 17. Qh8 Qg5 (17... Qxe4 18. Rd4 Qf5 19. Qxh4 Qxc2) 18. Rd5 $6 ({Best was} 18.
Nd4 $1 Ng6 (18... O-O-O 19. Nf5 e6 (19... Bxf5 20. Rxd8+ Kxd8 21. Qxf8+ (21.
Qxe5 Qe3+ 22. Be2 Bxe4 23. Qa5+ (23. Qb8+ Kd7 24. Qxf8 h3) 23... Ke8 $40) 21...
Kc7 22. exf5 Qe3+ 23. Be2 Ng4 24. Qg7 Qc1+ 25. Bd1 Qe3+ $11) 20. Qxe5 (20. Qxh4
Qxh4+ 21. Nxh4 Bb4 22. Kd1 Bxd2 23. Kxd2 Bc6+ 24. Ke3 Ng4+ 25. Kf3 f5 26. Bd3
Nf6) 20... exf5 21. Qc3+ Kb8 22. Qe5+ Kc8 23. Qc3+ $11) 19. Qg8 Qf4 20. Bb5
O-O-O (20... Qxe4+ 21. Kd1 O-O-O 22. Bxd7+ Rxd7 23. Nf3 Rxd2+ 24. Nxd2) 21.
Bxd7+ Rxd7 22. Nb3 Qxe4+ 23. Re2 (23. Kd1 Qxg2 24. Re1 Qf2) 23... Qb4+ {
and black, with white´s king dancing all over the place, is obviously better.})
18... f6 19. g3 O-O-O 20. Bh3 $2 {I knew Bellón was going for this, especially
since I was already low on time. But I had prepared a good riposte.} (20. Nf4
hxg3) (20. Qxh4 $1 Nf3+ 21. Kf2 Nxh4 22. Rxg5 fxg5 23. gxh4 gxh4 $17) 20... e6
$19 21. Rxe5 Bb4+ {Good enough,} ({but} 21... Qxe5 22. Kf1 (22. Qxh4 Qa1+)
22... Qxe4 23. Bg2 Qf5+ {was cleaner.}) 22. c3 Bxc3+ 23. Kf2 fxe5 24. Qxd8+ (
24. Qxh4 Rf8+ 25. Bf5 (25. Kg2 Qe3) 25... Qxh4 26. gxh4 Ba5 $19) 24... Kxd8 25.
Nxc3 Qd2+ 26. Ne2 hxg3+ 27. hxg3 Qxa2 28. g4 Qd2 29. Bg2 a5 {Nothing can stop
the a-pawn´s march.} 30. Rh5 a4 31. g5 Be8 32. Rh7 a3 0-1

[Event "GRE-chT"]
[Site "Athens"]
[Date "1996.??.??"]
[Round "4"]
[White "Kosic, Dragan"]
[Black "Atalik, Suat"]
[Result "1/2-1/2"]
[WhiteElo "2515"]
[BlackElo "2535"]
[Annotator "Atalik,S"]
[PlyCount "90"]
[EventDate "1996.??.??"]
[EventType "team"]
[EventRounds "9"]
[EventCountry "GRE"]
[SourceTitle "CBM 055 Extra"]
[Source "ChessBase"]
[SourceDate "1997.01.01"]
[SourceVersion "1"]
[SourceVersionDate "1997.01.01"]
[SourceQuality "1"]

1. d4 Nf6 2. Bg5 c5 3. Bxf6 gxf6 4. dxc5 Qa5+ 5. Nd2 h5 $5 6. c3 Qxc5 7. Ngf3
h4 8. e3 Nc6 9. Qa4 h3 10. gxh3 (10. g4 d6 11. Rg1 f5) 10... d6 11. O-O-O Bd7
$5 (11... Bxh3 12. Bxh3 Rxh3 13. Rhg1 $13) 12. Rg1 O-O-O $5 (12... Na5 13. Qd4
Qc7 $13) 13. Rg3 Kb8 14. Nb3 $6 (14. Kb1) 14... Qb6 15. Nfd4 Bh6 $1 16. Nxc6+
Bxc6 17. Qa5 e5 $1 (17... Qxa5 18. Nxa5 f5 19. Nxc6+ bxc6 $10) 18. Qxb6 axb6
19. Bd3 e4 20. Bf1 $1 f5 21. Kc2 $5 (21. Kd2 f4 22. Rg1 f5 23. Nd4 Bd7 $40)
21... f4 22. exf4 Bxf4 23. Rg7 f5 24. Nd4 Ba4+ $1 25. b3 Bd7 26. Rf7 $1 Bxh2 (
26... Rhf8 $2 27. Rxd7 Rxd7 28. Ne6 Bh6 29. Nxf8 $14) (26... Be5 27. f4 $1 (27.
Nxf5 $4 Be6 $19) 27... Bxf4 28. Nxf5) 27. Bb5 (27. Nxf5 Rhf8 28. Rxf8 Rxf8 29.
Ne3 Rxf2+ 30. Rd2 $10) 27... Bc8 28. Nxf5 $8 Rdf8 29. Rxf8 Rxf8 30. Nxd6 Rxf2+
31. Kb1 Bxd6 32. Rxd6 e3 33. Rd1 $8 (33. Kc1 Rxa2) 33... Bf5+ 34. Ka1 Bxh3 35.
Re1 Rf3 36. Be2 Rg3 37. c4 Kc7 38. Kb2 Kd6 39. Rd1+ Ke5 40. Rd5+ Kf4 $5 (40...
Ke4 41. Kc3 Rg2 42. Bd3+ Kf3 43. Rd6 e2 44. Bxe2+ Rxe2 45. Rxb6 Re7 46. a4 $10)
41. Rd4+ Ke5 42. Kc3 $5 Rg2 43. Bd3 Rxa2 44. Re4+ Kd6 45. Rxe3 Bd7 $1 $10
1/2-1/2

[Event "Bundesliga 0001"]
[Site "Germany"]
[Date "2001.03.10"]
[Round "10.5"]
[White "Knaak, Rainer"]
[Black "Seul, Georg"]
[Result "0-1"]
[WhiteElo "2513"]
[BlackElo "2447"]
[Annotator "Atlas,V"]
[PlyCount "84"]
[EventDate "2000.10.14"]
[EventType "team-tourn"]
[EventRounds "15"]
[EventCountry "GER"]
[SourceTitle "CBM 082"]
[Source "ChessBase"]
[SourceDate "2001.05.17"]
[SourceVersion "1"]
[SourceVersionDate "2001.05.17"]
[SourceQuality "1"]
[WhiteTeam "Werder Bremen"]
[BlackTeam "Castrop Rauxel"]
[WhiteTeamCountry "GER"]
[BlackTeamCountry "GER"]

1. d4 Nf6 2. Bg5 e6 3. e4 h6 4. Bxf6 Qxf6 5. c3 d6 6. Bd3 g6 7. Ne2 Bg7 8. O-O
Qe7 9. f4 Nd7 10. Nd2 b6 11. a4 a6 12. Qe1 Bb7 13. Qf2 f5 14. d5 O-O 15. Ng3
fxe4 16. Bxe4 Bxd5 17. Bxg6 Ne5 18. Be4 Bxe4 19. Ngxe4 Nd3 20. Qe3 Nxb2 21. Ra2
d5 22. Rxb2 dxe4 23. Nxe4 Qd7 24. Ng3 Qxa4 25. Nh5 Qc4 26. Nxg7 Kxg7 27. Rb4
Qc5 28. Rd4 Rad8 29. Rf3 Rxd4 30. cxd4 Qd5 31. Qc3 Rf7 32. Re3 Rd7 33. Rg3+ Kf7
34. Rd3 c5 35. h3 cxd4 36. Qc8 Ke7 37. Rg3 Kd6 38. Qb8+ Kc5 39. Qf8+ Kb5 40.
Qxh6 {With the threat 41.Rg5.} d3 $1 {Ignoring this threat in hope to utilize
the energy of the advanced d-pawn.} 41. Rg5 d2 42. Qh5 {[%tqu "En","White
seems to have defended. How can Black break this defence?","Utilise the energy
of the d-pawn.","Play energetically not to allow White any time for defence.",
"d5g5","That's it! After this blow White is defenseless.",5]} Qxg5 $1 {[%cal
Gd2d1,Gd7d1,Gd5g5]} ({Certainly, not} 42... Kb4 $2 43. Rxd5 Rxd5 44. Qd1 {
, and Black is lost.}) (42... Qxg5 43. Qxg5+ (43. fxg5 d1=Q+) 43... Rd5 {
, and White cannot prevent promotion of the d-pawn.}) 0-1

[Event "Beersheba"]
[Site "Beersheba"]
[Date "1996.??.??"]
[Round "7"]
[White "Mikhalevski, Victor"]
[Black "Tseitlin, Mark D"]
[Result "1/2-1/2"]
[WhiteElo "2495"]
[BlackElo "2545"]
[Annotator "Avrukh,B"]
[PlyCount "96"]
[EventDate "1996.03.??"]
[EventType "tourn"]
[EventRounds "11"]
[EventCountry "ISR"]
[EventCategory "10"]
[SourceTitle "CBM 053"]
[Source "ChessBase"]
[SourceDate "1996.08.01"]
[SourceVersion "1"]
[SourceVersionDate "1996.08.01"]
[SourceQuality "1"]

1. d4 Nf6 2. Bg5 Ne4 3. Bf4 d5 4. Nd2 c5 $1 {N/} (4... Bf5 5. Nxe4 Bxe4 6. e3
e6 7. Ne2 Bd6 8. Ng3 Bxf4 9. exf4 Qd6 10. Nxe4 dxe4 11. Qd2 O-O 12. Be2 c5 $10
{Sokolov,I-Illescas Cordoba,M/Madrid/1994/0,5/20/}) 5. Nxe4 (5. e3 Qb6 $13)
5... dxe4 6. dxc5 Qa5+ 7. c3 Qxc5 8. Qd4 (8. Bxb8 Rxb8 9. Qa4+ b5 10. Qxe4 b4
$44) (8. Qa4+ Qc6 9. Qxc6+ Nxc6 10. f3 e5 11. Be3 Bf5 12. g4 Be6 13. Nh3 f6 14.
Nf2 $10 {Tunik,G-Avrukh,B/ISR/1996/0,5/24/}) 8... Qxd4 9. cxd4 Nc6 10. O-O-O (
10. d5 $2 Nb4) (10. e3 e5 $1 11. dxe5 Bb4+ $17) 10... e5 $1 11. dxe5 (11. Bxe5
Nxe5 12. dxe5 e3 $1 13. fxe3 Bf5 $40) 11... Be6 12. Kb1 $2 (12. a3 Bb3 (12...
Ba2 13. e3 Rc8 14. Ne2 $1 $14) 13. Rd2 Rc8 14. Kb1 Bc5 (14... b5 $2 15. e3 b4
16. Bb5 bxa3 17. Ne2 $1 $16) (14... Be7 15. e3 O-O 16. Ne2 $1 (16. Bb5 Nxe5 $15
) 16... Rfd8 17. Nd4 $14) 15. e3 Ke7 {/\Rfd8~/=/}) 12... e3 $1 13. Bxe3 $2 (13.
fxe3 $32 Bf5+ 14. Ka1 Nb4 15. a3 Nc2+ 16. Ka2 Bc5 $17 (16... Be6+ $10) (16...
b5 17. Nf3 {/\Nd4/})) 13... Nb4 14. Rc1 (14. a3 Bf5+ 15. Ka1 (15. Kc1 Rc8+ 16.
Kd2 Rd8+ $19) 15... Nc2+ 16. Ka2 Nxe3 17. fxe3 $17) 14... Bf5+ $6 (14... Nxa2
$1 15. Rd1 Nb4 16. Nf3 Bf5+ 17. Ka1 Nc2+ 18. Ka2 Nxe3 19. fxe3 $17) 15. Ka1
Nc2+ 16. Rxc2 Bxc2 17. Nf3 Be4 $15 (17... O-O-O 18. Bd4 $8 Bc5 19. e3 Be4 20.
Bc4 $13) 18. g3 b6 19. Bh3 Bc5 20. Bxc5 bxc5 21. Rf1 $2 (21. Rc1 Rd8 22. a3 Ke7
(22... O-O 23. Ng5 {/\e6/}) (22... Rd5 $5 $15) 23. Rxc5 Rd1+ 24. Ka2 Bd5+ 25.
b3 Rb8 $36) 21... Ke7 22. Nd2 Bd5 23. Kb1 Rhd8 $17 24. Kc2 (24. b3 $5) (24. Rc1
Bxa2+ 25. Kxa2 Rxd2 26. Rxc5 Rb8 $19) 24... a5 $2 (24... Bxa2 $1 25. b3 a5 26.
Ra1 a4 27. Rxa2 axb3+ $19) 25. Ra1 (25. a3 Rab8 $17) 25... Rab8 26. e4 (26. Kc3
Rb4) 26... Bc6 27. f3 (27. Rb1 Rb4 28. b3 Rbd4 $19) 27... Rb4 $2 (27... Rxb2+
28. Kxb2 Rxd2+ 29. Kc3 Rxh2 30. Bf1 Rf2 $19) 28. Bf1 Rbd4 (28... Rxb2+ $2 29.
Kxb2 Rxd2+ 30. Kc3 Rxh2 31. Kc4 $13) 29. Nc4 Bb5 (29... a4 $5) 30. Nd6 Bd7 (
30... Bxf1 $2 31. Nf5+) 31. Kc3 {(.)/} Rb8 32. Nc4 a4 $15 33. Ne3 (33. b3 $1 {
/\33...Ra8 34.b4!/}) 33... Be6 34. Bc4 Bxc4 35. Nxc4 Ke6 36. Re1 Rbd8 37. Nd6 (
37. Re3 Rd1 $19) 37... f6 38. Nb7 Rd3+ 39. Kc2 (39. Kc4 R8d4+ 40. Kxc5 fxe5 $19
) 39... Rd2+ 40. Kc1 (40. Kc3 R8d3+ 41. Kc4 Rxf3 $19) 40... R8d4 41. Nxc5+ Kxe5
$2 $10 (41... Ke7 $6 42. exf6+ gxf6 43. e5 $132) (41... Kf7 $1 42. exf6 (42.
e6+ Ke7 $19) 42... Rxh2) 42. f4+ Kd6 43. e5+ Kxc5 (43... fxe5 44. Ne4+) (43...
Ke7 44. exf6+ $18) 44. e6 a3 (44... Rxh2 45. e7 Rdd2 $10) 45. b4+ $1 $8 (45. e7
$4 axb2+ 46. Kb1 Rd1+ 47. Rxd1 Rxd1+ 48. Kxb2 Re1 $19) 45... Kxb4 46. e7 Rb2
47. e8=Q Rc4+ 48. Kd1 Rd4+ 1/2-1/2

[Event "Oxford GM-A"]
[Site "Oxford"]
[Date "1998.12.16"]
[Round "3"]
[White "Hodgson, Julian M"]
[Black "Rowson, Jonathan"]
[Result "1-0"]
[WhiteElo "2575"]
[BlackElo "2495"]
[Annotator "Baburin,A"]
[PlyCount "65"]
[EventDate "1998.12.14"]
[EventType "tourn"]
[EventRounds "9"]
[EventCountry "ENG"]
[EventCategory "11"]
[SourceTitle "CBM 069"]
[Source "ChessBase"]
[SourceDate "1999.04.01"]
[SourceVersion "1"]
[SourceVersionDate "1999.04.01"]
[SourceQuality "1"]

1. d4 Nf6 2. Bg5 e6 3. e4 h6 4. Bxf6 Qxf6 5. c3 d6 6. Bd3 g6 7. Ne2 Bg7 8. O-O
O-O 9. f4 Nd7 10. Nd2 Qe7 11. Qe1 b6 12. Qg3 Bb7 13. e5 Rad8 14. Ne4 b5 15.
Rae1 b4 {[%tqu "En","White has more space, all his pieces are mobilised - how
can he build up an attack?","You need to weaken Black's king.","Usually the
attacker has to damage the pawns covering the enemy king. Often a pawn advance
is a good way of doing this.","h2h4","",10]} 16. h4 $1 {White needs to soften
up Black's kingside, so the h-pawn is going to work as a battering ram.} bxc3
17. bxc3 Kh8 18. h5 $1 gxh5 19. Qh3 h4 {[%tqu "En","How would you develop
White's initiative?","You need to open files.","But make sure that you do not
lose the e5-pawn when you go for f4-f5...","e5d6","",8]} 20. exd6 $1 {White
clears the e-file and prepares for f4-f5.} cxd6 21. f5 $1 d5 $2 ({Black had to
eliminate the e4-knight at once! The text turns the b7-bishop into a useless
creature... After} 21... Bxe4 22. Bxe4 {Black would still be in the game.}) {
[%tqu "En","One of you main attacking pieces is being kicked, how would you
deal with this?","Use the e4-knight while it's still in the centre!","","f5f6",
"",8]} 22. f6 $1 Nxf6 {[%tqu "En","How should White continue here?","Usually
the attacker should keep more pieces on the board.","Consider what the
exchange on f6 does for White and Black.","e4f6","This move looks natural, but
it's not the best.",10,"e4c5","planning to develop the attack with Nf4 (with
threats like Rxe6!) and Bc2, followed by Qd3 & Nh5. Then Black's defence would
be difficult.",0]} 23. Nxf6 $2 {This move looks natural, but it's not the best.
} ({Correct would be} 23. Nc5 $1 {planning to develop the attack with Nf4 
(with threats like Rxe6!) and Bc2, followed by Qd3 & Nh5. Then Black's defence
would be difficult, as he has to deal with simple moves like Qxh4 as well.})
23... Bxf6 24. Nf4 ({Also} 24. Ng3 Bg5 25. Nf5 Qc7 26. Nxh6 Qxc3 {is good for
Black.}) 24... Rd6 $2 {This is too passive.} ({Much better was} 24... Bg5 $1
25. Rxe6 $1 ({The line} 25. Bc2 Ba6 $1 26. Rxe6 fxe6 27. Ng6+ Kg7 28. Rxf8 Rxf8
29. Nxe7 Rf1+ 30. Kh2 Bf4+ 31. g3 Bxg3+ 32. Kg2 Kf7 {is good only for Black.})
25... Qd7 {and although after} 26. Re5 $1 Qxh3 27. Nxh3 {White maintains the
initiative, Black should survive.}) 25. Bc2 Rg8 (25... Ba6 26. Rxe6 Rxe6 27.
Qf5 Re4 28. Nxd5 Qe6 29. Bxe4 Qxf5 30. Rxf5) 26. Nh5 Bg5 27. Qd3 f6 {[%tqu
"En","How should White continue?","Use the threats along the b1-h7 diagonal.",
"The enemy queen is overloaded - exploit this!","h5f6","",10]} 28. Nxf6 Bxf6
29. Rxf6 Qg7 30. Qf3 $18 Rc6 31. Rf7 Rxc3 32. Rxg7 Rxf3 33. Rh7# 1-0